NFL Pro Bowl Quarterbacks 1990s - Statistics

General Stats
  • This quiz has been taken 320 times
    49 since last reset
  • The average score is 64 of 73
Answer Stats
Season Team Player % Correct
1997 Packers Brett Favre
100%
1996 Packers Brett Favre
100%
1995 Packers Brett Favre
100%
1993 Packers Brett Favre
100%
1992 Packers Brett Favre
100%
1995 Dolphins Dan Marino
100%
1994 Dolphins Dan Marino
100%
1992 Dolphins Dan Marino
100%
1991 Dolphins Dan Marino
100%
1992 Bills Jim Kelly
100%
1991 Bills Jim Kelly
100%
1990 Bills Jim Kelly
100%
1998 Broncos John Elway
100%
1997 Broncos John Elway
100%
1996 Broncos John Elway
100%
1994 Broncos John Elway
100%
1993 Broncos John Elway
100%
1991 Broncos John Elway
100%
1998 49ers Steve Young
100%
1997 49ers Steve Young
100%
1996 49ers Steve Young
100%
1995 49ers Steve Young
100%
1994 49ers Steve Young
100%
1993 49ers Steve Young
100%
1992 49ers Steve Young
100%
1996 Cowboys Troy Aikman
100%
1995 Cowboys Troy Aikman
100%
1994 Cowboys Troy Aikman
100%
1993 Cowboys Troy Aikman
100%
1992 Cowboys Troy Aikman
100%
1991 Cowboys Troy Aikman
100%
1997 Seahawks Warren Moon
100%
1995 Vikings Warren Moon
100%
1994 Vikings Warren Moon
100%
1993 Oilers Warren Moon
100%
1992 Oilers Warren Moon
100%
1991 Oilers Warren Moon
100%
1990 Oilers Warren Moon
100%
1997 Patriots Drew Bledsoe
98%
1996 Patriots Drew Bledsoe
98%
1994 Patriots Drew Bledsoe
98%
1999 Rams Kurt Warner
98%
1999 Colts Peyton Manning
98%
1993 Chiefs Joe Montana
95%
1990 49ers Joe Montana
95%
1999 Raiders Rich Gannon
95%
1998 Vikings Randall Cunningham
90%
1990 Eagles Randall Cunningham
90%
1999 Jaguars Mark Brunell
88%
1997 Jaguars Mark Brunell
88%
1996 Jaguars Mark Brunell
88%
1991 Redskins Mark Rypien
83%
1993 Giants Phil Simms
80%
1998 Jets Vinny Testaverde
76%
1996 Ravens Vinny Testaverde
76%
1999 Redskins Brad Johnson
73%
1993 Jets Boomer Esiason
71%
1998 Falcons Chris Chandler
66%
1997 Falcons Chris Chandler
66%
1990 Rams Jim Everett
66%
1992 Steelers Neil O'Donnell
66%
1995 Colts Jim Harbaugh
63%
1996 Panthers Kerry Collins
63%
1999 Panthers Steve Beuerlein
61%
1991 Jets Ken O'Brien
59%
1998 Bills Doug Flutie
56%
1997 Buccaneers Trent Dilfer
56%
1994 Raiders Jeff Hostetler
54%
1996 Redskins Gus Frerotte
46%
1991 Falcons Chris Miller
41%
1993 Falcons Bobby Hebert
39%
1995 Bengals Jeff Blake
39%
1995 Chiefs Steve Bono
39%
No matching quizzes found
Score Distribution
Percent of People with Each Score
Percentile by Number Answered
Your Score History
You have not taken this quiz since the last reset